MARC details
| 000 -LEADER |
| campo de control de longitud fija |
02363cam a2200433Mi 4500 |
| 001 - NÚMERO DE CONTROL |
| campo de control |
81907 |
| 005 - FECHA Y HORA DE LA ÚLTIMA TRANSACCIÓN |
| campo de control |
20230410121111.0 |
| 008 - DATOS DE LONGITUD FIJA--INFORMACIÓN GENERAL |
| campo de control de longitud fija |
981203s1997 nyu 000 0 eng d |
| 010 ## - NÚMERO DE CONTROL DE LA BIBLIOTECA DEL CONGRESO |
| Número de control de LC |
96037688 |
| 035 ## - NÚMERO DE CONTROL DEL SISTEMA |
| Número de control de sistema |
(OCoLC)ocm35986187 |
| 040 ## - FUENTE DE CATALOGACIÓN |
| Centro catalogador/agencia de origen |
DLC |
| Centro/agencia transcriptor |
DLC |
| Centro/agencia modificador |
UKM |
| -- |
MUQ |
| -- |
BAKER |
| -- |
NLGGC |
| -- |
YDXCP |
| -- |
BTCTA |
| -- |
UAB |
| -- |
HEBIS |
| 015 ## - NÚMERO DE BIBLIOGRAFÍA NACIONAL |
| Número de bibliografía nacional |
GB97-34899 |
| 019 ## - |
| -- |
37246638 |
| -- |
228297491 |
| 020 ## - NÚMERO INTERNACIONAL ESTÁNDAR DEL LIBRO |
| Número Internacional Estándar del Libro |
0815321953 (alk. paper) |
| 020 ## - NÚMERO INTERNACIONAL ESTÁNDAR DEL LIBRO |
| Número Internacional Estándar del Libro |
9780815321958 (alk. paper) |
| 020 ## - NÚMERO INTERNACIONAL ESTÁNDAR DEL LIBRO |
| Número Internacional Estándar del Libro |
0815335938 |
| 020 ## - NÚMERO INTERNACIONAL ESTÁNDAR DEL LIBRO |
| Número Internacional Estándar del Libro |
9780815335931 |
| 035 ## - NÚMERO DE CONTROL DEL SISTEMA |
| Número de control de sistema |
(OCoLC)35986187 |
| Número de control cancelado/no válido |
(OCoLC)37246638 |
| -- |
(OCoLC)228297491 |
| 043 ## - CÓDIGO DE ÁREA GEOGRÁFICA |
| Código de área geográfica |
e------ |
| -- |
e-fr--- |
| -- |
e-gx--- |
| 050 14 - SIGNATURA TOPOGRÁFICA DE LA BIBLIOTECA DEL CONGRESO |
| Número de clasificación |
JN 30 |
| Número de ítem |
M478f 1997 |
| 082 00 - NÚMERO DE LA CLASIFICACIÓN DECIMAL DEWEY |
| Número de clasificación |
341.242/2 |
| 100 1# - ENTRADA PRINCIPAL--NOMBRE DE PERSONA |
| Nombre de persona |
Mazzucelli, Colette. |
| 245 10 - MENCIÓN DEL TÍTULO |
| Título |
France and Germany at Maastricht : |
| Resto del título |
politics and negotiations to create the European Union / |
| Mención de responsabilidad, etc. |
Colette Mazzucelli. |
| 260 ## - PUBLICACIÓN, DISTRIBUCIÓN, ETC. |
| Lugar de publicación, distribución, etc. |
New York : |
| Nombre del editor, distribuidor, etc. |
Garland Publ., |
| Fecha de publicación, distribución, etc. |
1997. |
| 300 ## - DESCRIPCIÓN FÍSICA |
| Extensión |
xviii, 353 p. ; |
| Dimensiones |
23 cm. |
| 490 1# - MENCIÓN DE SERIE |
| Mención de serie |
Contemporary issues in European politics ; |
| Designación de volumen o secuencia |
vol. 3. |
| Mención de serie |
Garland reference library of social science ; |
| Designación de volumen o secuencia |
vol. 1084. |
| 504 ## - NOTA DE BIBLIOGRAFÍA, ETC. |
| Nota de bibliografía, etc. |
Includes bibliographical references (p. [309]-342) and index. |
| 505 0# - NOTA DE CONTENIDO CON FORMATO |
| Nota de contenido con formato |
Series Editor's Preface / Carl Cavanagh Hodge -- Foreword / Alfred Cahen -- I. Introduction -- II. The Historical Prelude to Maastricht -- III. The Maastricht Prenegotiation: French and German Domestic Contexts -- IV. Bringing Monnet Back In: France, Germany, EMU and Integrative Bargaining on "Steps in Time" -- V. France, Germany and Negotiations on Political Union: Questions of Definition and Balance -- VI. Mind over Maastricht: Leadership and Negotiation in the European Council -- VII. The Maastricht Debate and Ratification in France: The Power of Public Opinion and the Status of Sovereignty -- VIII. The Maastricht Debate and Ratification in Germany: The "Psychology of the Mark" and the Role of Civil Servants -- IX. Conclusion. |
| 610 20 - PUNTO DE ACCESO ADICIONAL DE MATERIA--NOMBRE DE ENTIDAD CORPORATIVA |
| Nombre de entidad corporativa o nombre de jurisdicción como elemento de entrada |
European Union. |
| 651 #0 - PUNTO DE ACCESO ADICIONAL DE MATERIA--NOMBRE GEOGRÁFICO |
| Nombre geográfico |
France |
| Subdivisión general |
Relations |
| Subdivisión geográfica |
Germany. |
| 651 #0 - PUNTO DE ACCESO ADICIONAL DE MATERIA--NOMBRE GEOGRÁFICO |
| Nombre geográfico |
Germany |
| Subdivisión general |
Relations |
| Subdivisión geográfica |
France. |
| 650 #6 - PUNTO DE ACCESO ADICIONAL DE MATERIA--TÉRMINO DE MATERIA |
| Término de materia o nombre geográfico como elemento de entrada |
Union europâeenne |
| 651 #6 - PUNTO DE ACCESO ADICIONAL DE MATERIA--NOMBRE GEOGRÁFICO |
| Nombre geográfico |
France |
| Subdivisión general |
Relations |
| Subdivisión geográfica |
Allemagne |
| 651 #6 - PUNTO DE ACCESO ADICIONAL DE MATERIA--NOMBRE GEOGRÁFICO |
| Nombre geográfico |
Allemagne |
| Subdivisión general |
Relations |
| Subdivisión geográfica |
France |
| 830 #0 - PUNTO DE ACCESO ADICIONAL DE SERIE-TÍTULO UNIFORME |
| Título uniforme |
Garland reference library of social science ; |
| Designación de volumen o secuencia |
v. 1084. |
| 830 #0 - PUNTO DE ACCESO ADICIONAL DE SERIE-TÍTULO UNIFORME |
| Título uniforme |
Garland reference library of social science. |
| Nombre de parte o sección de la obra |
Contemporary issues in European politics ; |
| Designación de volumen o secuencia |
v. 3. |
| 942 ## - ELEMENTOS DE ENTRADA SECUNDARIOS (KOHA) |
| Fuente del sistema de clasificación o colocación |
Clasificación de Library of Congress |
| Tipo de ítem Koha |
|
| 994 ## - |
| -- |
C0 |
| -- |
DRFGD |